000 01633cam a22004457a 4500
001 000092620
003 CHAP
005 20220329142856.0
008 041126d2004 mx a r 00110 spa d
010 _a89086
011 _a90058
035 _a100614
040 _cCHAP
090 _aTesis
100 0 0 _aGómez Gutiérrez, Raúl.
_949740
245 1 0 _aControl de un servomecanismo neumático utilizando un controlador PD no lineal /
_c/por Raúl Gómez Gutiérrez y Claudia Ivet Torres Suárez.
260 _aMontecillo, Méx. :
_bEl autor,
_c2004.
300 _a110 h.
502 _aTesis (Ing. Mecánico Agrícola) -- UACH. Departamento de Ingeniería Mecánica Agrícola
590 _aALEPH
_b10
_c20130110
_lUCH01
_h1501
590 _aBATCH-UPD
_b10
_c20130110
_lUCH01
_h0734
590 _aBATCH-UPD
_b10
_c20130110
_lUCH01
_h2351
590 _aBATCH-UPD
_b10
_c20130410
_lUCH01
_h0416
590 _aBATCH-UPD
_b10
_c20130914
_lUCH01
_h1549
590 _aBATCH-UPD
_b10
_c20140324
_lUCH01
_h1446
590 _aBATCH-UPD
_b10
_c20141002
_lUCH01
_h0823
590 _aCONVERSION
_b10
_c20130109
_lUCH01
_h1349
590 _aE12093SGE
_b10
_c20130621
_lUCH01
_h1044
650 1 4 _aRobótica.
_998139
650 1 4 _aRobots en agricultura.
_998142
650 1 4 _aServomecanismo.
_9105352
700 0 0 _aTorres Suárez, Claudia Ivet.
_9114247
856 _3Finding aid
_uhttp://10.13.5.2/tesis/100614.pdf
_zTeclea aquí
901 _aBK
905 _aAlejandra Carrasco M.
942 _cCD
942 _n0
949 _aTesis
_bBC
_cTES
_d1006141
_eTS1
_h42679
_i100614
_sb
949 _aTesis
_bBC
_cTES
_d33724000796330
_eTS2
_fc.2
_h42680
_i100614
_sb
999 _c89086
_d89086